[Event "DVM U16w 2023"]
[Site "Magdeburg GER"]
[Date "2023.12.30"]
[Round "7"]
[White "Nehrukumar, Snikitha"]
[Black "Henzel, Leonie"]
[Result "0-1"]
[Termination "normal"]
[Board "9.2"]
[WhiteElo "1019"]
[BlackElo "1247"]
[WhiteClock "00:55:33"]
[BlackClock "00:21:29"]
[WhiteTeam "SK Freiburg-Zähringen 1887"]
[BlackTeam "SchachAkademiePaderborn"]
[PlyCount "90"]
[WhiteFideId "34660569"]
[BlackFideId "34605720"]
[EventCountry "GER"]
[EventRounds "7"]
[EventType "team-swiss"]
[EventDate "2023.12.26"]

1. e4 {[%clk 01:30:57]} {[%emt 00:00:02]} e6 {[%clk 01:30:53]} {[%emt
00:00:08]} 2. d4 {[%clk 01:31:15]} {[%emt 00:00:12]} d5 {[%clk 01:31:18]}
{[%emt 00:00:04]} 3. exd5 {[%clk 01:31:38]} {[%emt 00:00:07]} exd5 {[%clk
01:31:42]} {[%emt 00:00:07]} 4. Nf3 {[%clk 01:31:53]} {[%emt 00:00:15]} Nf6
{[%clk 01:31:34]} {[%emt 00:00:38]} 5. Bf4 {[%clk 01:31:49]} {[%emt 00:00:34]}
Bb4+ {[%clk 01:29:15]} {[%emt 00:02:42]} 6. c3 {[%clk 01:30:54]} {[%emt
00:01:32]} Bd6 {[%clk 01:29:07]} {[%emt 00:00:32]} 7. Bxd6 {[%clk 01:30:36]}
{[%emt 00:00:53]} Qxd6 {[%clk 01:29:21]} {[%emt 00:00:17]} 8. Bd3 {[%clk
01:30:13]} {[%emt 00:00:50]} O-O {[%clk 01:28:26]} {[%emt 00:01:28]} 9. O-O
{[%clk 01:29:43]} {[%emt 00:01:00]} Nc6 {[%clk 01:27:25]} {[%emt 00:01:32]} 10.
Re1 {[%clk 01:29:22]} {[%emt 00:00:51]} Bd7 {[%clk 01:26:23]} {[%emt 00:01:28]}
11. Nbd2 {[%clk 01:28:33]} {[%emt 00:01:22]} Rfe8 {[%clk 01:24:09]} {[%emt
00:02:38]} 12. Qc2 {[%clk 01:27:36]} {[%emt 00:01:33]} Re7 {[%clk 01:18:16]}
{[%emt 00:06:23]} 13. Rxe7 {[%clk 01:23:14]} {[%emt 00:04:54]} Nxe7 {[%clk
01:18:12]} {[%emt 00:00:34]} 14. Re1 {[%clk 01:23:19]} {[%emt 00:00:24]} Re8
{[%clk 01:18:02]} {[%emt 00:00:41]} 15. Nf1 {[%clk 01:22:16]} {[%emt 00:01:32]}
b6 {[%clk 01:01:09]} {[%emt 00:17:23]} 16. Ng3 {[%clk 01:18:00]} {[%emt
00:04:47]} g6 {[%clk 00:59:49]} {[%emt 00:01:49]} 17. Qd2 {[%clk 01:16:56]}
{[%emt 00:01:34]} Kg7 {[%clk 00:58:19]} {[%emt 00:01:59]} 18. Qg5 {[%clk
01:14:30]} {[%emt 00:02:46]} h6 {[%clk 00:52:45]} {[%emt 00:06:14]} 19. Qd2
{[%clk 01:12:44]} {[%emt 00:02:13]} c6 {[%clk 00:47:03]} {[%emt 00:06:16]} 20.
b4 {[%clk 01:09:47]} {[%emt 00:03:28]} b5 {[%clk 00:44:51]} {[%emt 00:02:43]}
21. Ne5 {[%clk 01:07:29]} {[%emt 00:02:46]} Be6 {[%clk 00:43:39]} {[%emt
00:01:39]} 22. Qe2 {[%clk 01:05:59]} {[%emt 00:02:03]} Nc8 {[%clk 00:38:03]}
{[%emt 00:06:03]} 23. Bc2 {[%clk 01:05:22]} {[%emt 00:01:09]} Ne7 {[%clk
00:33:09]} {[%emt 00:05:24]} 24. h3 {[%clk 01:02:02]} {[%emt 00:03:51]} Qc7
{[%clk 00:31:26]} {[%emt 00:02:11]} 25. Ng4 {[%clk 01:00:07]} {[%emt 00:02:24]}
Bxg4 {[%clk 00:29:04]} {[%emt 00:02:56]} 26. hxg4 {[%clk 00:59:58]} {[%emt
00:00:38]} Nc8 {[%clk 00:27:09]} {[%emt 00:02:24]} 27. Qd2 {[%clk 00:58:45]}
{[%emt 00:01:44]} Rxe1+ {[%clk 00:26:50]} {[%emt 00:00:50]} 28. Qxe1 {[%clk
00:59:08]} {[%emt 00:00:07]} Nxg4 {[%clk 00:26:26]} {[%emt 00:00:53]} 29. Qe2
{[%clk 00:56:56]} {[%emt 00:02:41]} Nf6 {[%clk 00:26:07]} {[%emt 00:00:50]} 30.
Qe3 {[%clk 00:55:48]} {[%emt 00:01:38]} a5 {[%clk 00:24:48]} {[%emt 00:01:52]}
31. a3 {[%clk 00:54:55]} {[%emt 00:01:23]} axb4 {[%clk 00:24:10]} {[%emt
00:01:07]} 32. axb4 {[%clk 00:55:08]} {[%emt 00:00:17]} Qa7 {[%clk 00:21:26]}
{[%emt 00:03:12]} 33. Kh2 {[%clk 00:53:27]} {[%emt 00:02:12]} Ng4+ {[%clk
00:19:08]} {[%emt 00:02:49]} 34. Kh3 {[%clk 00:53:36]} {[%emt 00:00:21]} Nxe3
{[%clk 00:19:28]} {[%emt 00:00:10]} 35. fxe3 {[%clk 00:54:05]} {[%emt
00:00:01]} Qe7 {[%clk 00:19:38]} {[%emt 00:00:19]} 36. Nf1 {[%clk 00:53:24]}
{[%emt 00:01:12]} Nd6 {[%clk 00:19:30]} {[%emt 00:00:38]} 37. Kh2 {[%clk
00:53:46]} {[%emt 00:00:08]} Nc4 {[%clk 00:19:36]} {[%emt 00:00:25]} 38. Kg1
{[%clk 00:53:47]} {[%emt 00:00:29]} Nxe3 {[%clk 00:19:54]} {[%emt 00:00:12]}
39. Bb3 {[%clk 00:53:38]} {[%emt 00:00:39]} Nxf1 {[%clk 00:20:09]} {[%emt
00:00:14]} 40. Kxf1 {[%clk 00:54:03]} {[%emt 00:00:05]} Qe3 {[%clk 00:20:24]}
{[%emt 00:00:13]} 41. g4 {[%clk 00:54:06]} {[%emt 00:00:29]} Qxc3 {[%clk
00:20:33]} {[%emt 00:00:21]} 42. Bd1 {[%clk 00:54:27]} {[%emt 00:00:09]} Qxd4
{[%clk 00:20:52]} {[%emt 00:00:11]} 43. Ke1 {[%clk 00:54:50]} {[%emt 00:00:07]}
Qxb4+ {[%clk 00:21:07]} {[%emt 00:00:16]} 44. Ke2 {[%clk 00:55:08]} {[%emt
00:00:11]} Qxg4+ {[%clk 00:21:27]} {[%emt 00:00:11]} 45. Ke1 {[%clk 00:55:33]}
{[%emt 00:00:04]} Qd4 {[%clk 00:21:29]} {[%emt 00:00:29]} 0-1

[Event "DVM U16w 2023"]
[Site "Magdeburg GER"]
[Date "2023.12.30"]
[Round "7"]
[White "Shrikrishna, Aradhana"]
[Black "Achilles, Rosa"]
[Result "0-1"]
[Termination "normal"]
[Board "9.4"]
[WhiteElo "742"]
[BlackElo "1190"]
[WhiteClock "01:26:28"]
[BlackClock "01:25:32"]
[WhiteTeam "SK Freiburg-Zähringen 1887"]
[BlackTeam "SchachAkademiePaderborn"]
[PlyCount "42"]
[WhiteFideId "34682520"]
[BlackFideId "34630066"]
[EventCountry "GER"]
[EventRounds "7"]
[EventType "team-swiss"]
[EventDate "2023.12.26"]

1. e4 {[%clk 01:30:57]} {[%emt 00:00:02]} e6 {[%clk 01:30:53]} {[%emt
00:00:08]} 2. Nc3 {[%clk 01:31:04]} {[%emt 00:00:23]} d5 {[%clk 01:30:43]}
{[%emt 00:00:38]} 3. f3 {[%clk 01:31:08]} {[%emt 00:00:18]} c5 {[%clk
01:30:29]} {[%emt 00:00:44]} 4. Na4 {[%clk 01:30:22]} {[%emt 00:01:25]} a6
{[%clk 01:30:22]} {[%emt 00:00:37]} 5. Qe2 {[%clk 01:29:41]} {[%emt 00:01:02]}
Nf6 {[%clk 01:29:25]} {[%emt 00:01:34]} 6. b3 {[%clk 01:29:52]} {[%emt
00:00:17]} Nc6 {[%clk 01:28:53]} {[%emt 00:01:05]} 7. Ba3 {[%clk 01:29:27]}
{[%emt 00:00:53]} Nd4 {[%clk 01:28:39]} {[%emt 00:00:45]} 8. Qd1 {[%clk
01:28:53]} {[%emt 00:00:27]} Nd7 {[%clk 01:28:06]} {[%emt 00:01:40]} 9. exd5
{[%clk 01:28:49]} {[%emt 00:00:35]} exd5 {[%clk 01:26:56]} {[%emt 00:01:40]}
10. c3 {[%clk 01:28:08]} {[%emt 00:01:02]} Ne6 {[%clk 01:25:52]} {[%emt
00:01:43]} 11. Qe2 {[%clk 01:26:24]} {[%emt 00:02:02]} b5 {[%clk 01:25:36]}
{[%emt 00:00:59]} 12. Nb2 {[%clk 01:26:40]} {[%emt 00:00:12]} b4 {[%clk
01:25:47]} {[%emt 00:00:21]} 13. cxb4 {[%clk 01:26:36]} {[%emt 00:00:33]} cxb4
{[%clk 01:25:55]} {[%emt 00:00:24]} 14. Bxb4 {[%clk 01:26:45]} {[%emt
00:00:19]} Bxb4 {[%clk 01:26:06]} {[%emt 00:00:19]} 15. a3 {[%clk 01:26:50]}
{[%emt 00:00:16]} Bc5 {[%clk 01:26:07]} {[%emt 00:00:35]} 16. Rd1 {[%clk
01:26:40]} {[%emt 00:00:39]} O-O {[%clk 01:25:05]} {[%emt 00:01:36]} 17. Qd3
{[%clk 01:26:21]} {[%emt 00:00:36]} Re8 {[%clk 01:24:17]} {[%emt 00:01:31]} 18.
Qf5 {[%clk 01:26:29]} {[%emt 00:00:18]} Nd4+ {[%clk 01:24:39]} {[%emt
00:00:11]} 19. Be2 {[%clk 01:26:21]} {[%emt 00:01:38]} Nxf5 {[%clk 01:26:51]}
{[%emt 00:00:19]} 20. Kf1 {[%clk 01:26:13]} {[%emt 00:00:26]} Qe7 {[%clk
01:25:59]} {[%emt 00:01:31]} 21. Nh3 {[%clk 01:26:28]} {[%emt 00:00:15]} Qxe2#
{[%clk 01:25:32]} {[%emt 00:00:17]} 0-1

[Event "DVM U16w 2023"]
[Site "Magdeburg GER"]
[Date "2023.12.30"]
[Round "7"]
[White "Abram, Kristina-Maria"]
[Black "Bakó, Isabella"]
[Result "0-1"]
[Termination "normal"]
[Board "10.1"]
[WhiteElo "1192"]
[BlackElo "1399"]
[WhiteClock "00:51:57"]
[BlackClock "00:06:58"]
[WhiteTeam "Hamburger SK 1830 2"]
[BlackTeam "SV Stuttgart-Wolfbusch 1956"]
[PlyCount "83"]
[WhiteFideId "16298349"]
[BlackFideId "16287266"]
[EventCountry "GER"]
[EventRounds "7"]
[EventType "team-swiss"]
[EventDate "2023.12.26"]

1. e4 {[%clk 01:30:56]} {[%emt 00:00:04]} c5 {[%clk 01:30:54]} {[%emt
00:00:06]} 2. Bc4 {[%clk 01:31:16]} {[%emt 00:00:09]} Nc6 {[%clk 01:30:38]}
{[%emt 00:00:47]} 3. Nf3 {[%clk 01:31:30]} {[%emt 00:00:15]} d6 {[%clk
01:30:13]} {[%emt 00:00:55]} 4. O-O {[%clk 01:31:14]} {[%emt 00:00:46]} g6
{[%clk 01:28:06]} {[%emt 00:02:37]} 5. d3 {[%clk 01:31:09]} {[%emt 00:00:35]}
Bg7 {[%clk 01:27:45]} {[%emt 00:00:51]} 6. c3 {[%emt 00:13:36]} Qb6 {[%clk
01:15:26]} 7. Qe2 {[%clk 01:25:36]} {[%emt 00:05:44]} e6 {[%clk 01:11:07]}
{[%emt 00:04:52]} 8. Bf4 {[%clk 01:23:34]} {[%emt 00:02:26]} Qc7 {[%clk
01:07:28]} {[%emt 00:04:15]} 9. Nbd2 {[%clk 01:18:07]} {[%emt 00:05:56]} Nge7
{[%clk 01:06:22]} {[%emt 00:01:37]} 10. Bb3 {[%clk 01:16:34]} {[%emt 00:02:03]}
O-O {[%clk 01:04:05]} {[%emt 00:02:47]} 11. Nc4 {[%clk 01:10:16]} {[%emt
00:06:47]} Rd8 {[%clk 01:00:08]} {[%emt 00:04:28]} 12. Rad1 {[%clk 01:09:21]}
{[%emt 00:01:23]} b5 {[%clk 00:56:18]} {[%emt 00:04:21]} 13. Ne3 {[%clk
01:05:06]} {[%emt 00:04:46]} a5 {[%clk 00:49:06]} {[%emt 00:07:43]} 14. a3
{[%clk 01:03:42]} {[%emt 00:01:52]} Qb6 {[%clk 00:45:07]} {[%emt 00:04:30]} 15.
Ng4 {[%clk 01:00:30]} {[%emt 00:03:38]} b4 {[%clk 00:37:21]} {[%emt 00:08:19]}
16. axb4 {[%clk 01:00:06]} {[%emt 00:00:55]} axb4 {[%clk 00:37:27]} {[%emt
00:00:23]} 17. Bc2 {[%clk 00:59:19]} {[%emt 00:01:14]} bxc3 {[%clk 00:36:49]}
{[%emt 00:01:12]} 18. bxc3 {[%clk 00:59:45]} {[%emt 00:00:04]} Bxc3 {[%clk
00:36:12]} {[%emt 00:01:07]} 19. Nh6+ {[%clk 00:59:53]} {[%emt 00:00:22]} Kg7
{[%clk 00:34:00]} {[%emt 00:02:43]} 20. Nh4 {[%clk 00:58:03]} {[%emt 00:02:13]}
Nd4 {[%clk 00:31:05]} {[%emt 00:03:30]} 21. Qg4 {[%clk 00:55:22]} {[%emt
00:03:10]} Nxc2 {[%clk 00:29:52]} {[%emt 00:01:47]} 22. Bc1 {[%clk 00:54:05]}
{[%emt 00:01:44]} Bf6 {[%clk 00:27:15]} {[%emt 00:03:10]} 23. Qf4 {[%clk
00:52:59]} {[%emt 00:01:30]} g5 {[%clk 00:23:09]} {[%emt 00:04:41]} 24. Qg3
{[%clk 00:52:27]} {[%emt 00:00:59]} Nd4 {[%clk 00:20:53]} {[%emt 00:02:49]} 25.
Rde1 {[%clk 00:52:20]} {[%emt 00:00:37]} Ng6 {[%clk 00:19:23]} {[%emt
00:02:00]} 26. Bxg5 {[%clk 00:51:25]} {[%emt 00:01:25]} Bxg5 {[%clk 00:18:57]}
{[%emt 00:00:55]} 27. Qxg5 {[%clk 00:51:26]} {[%emt 00:00:27]} Qc7 {[%clk
00:16:40]} {[%emt 00:02:50]} 28. Ng4 {[%clk 00:51:21]} {[%emt 00:00:35]} Qe7
{[%clk 00:10:42]} {[%emt 00:06:26]} 29. Qh6+ {[%clk 00:51:32]} {[%emt
00:00:20]} Kg8 {[%clk 00:10:50]} {[%emt 00:00:22]} 30. Nf3 {[%clk 00:50:37]}
{[%emt 00:01:25]} Nxf3+ {[%clk 00:10:49]} {[%emt 00:00:31]} 31. gxf3 {[%clk
00:51:01]} {[%emt 00:00:07]} Qh4 {[%clk 00:10:27]} {[%emt 00:00:52]} 32. Qxh4
{[%clk 00:51:13]} {[%emt 00:00:17]} Nxh4 {[%clk 00:10:53]} {[%emt 00:00:05]}
33. Re3 {[%clk 00:51:26]} {[%emt 00:00:17]} Kg7 {[%clk 00:10:16]} {[%emt
00:01:06]} 34. Kh1 {[%clk 00:51:37]} {[%emt 00:00:18]} Rg8 {[%clk 00:09:58]}
{[%emt 00:00:49]} 35. f4 {[%clk 00:51:41]} {[%emt 00:00:26]} Kf8 {[%clk
00:09:34]} {[%emt 00:00:55]} 36. Rg1 {[%clk 00:51:57]} {[%emt 00:00:12]} h5
{[%clk 00:09:13]} {[%emt 00:00:53]} 37. Rh3 {[%clk 00:52:13]} {[%emt 00:00:13]}
hxg4 {[%clk 00:07:46]} {[%emt 00:01:57]} 38. Rxh4 {[%clk 00:52:31]} {[%emt
00:00:11]} Ra2 {[%clk 00:07:14]} {[%emt 00:01:03]} 39. Rgxg4 {[%clk 00:52:31]}
{[%emt 00:00:29]} Rxg4 {[%clk 00:07:19]} {[%emt 00:00:26]} 40. Rxg4 {[%clk
00:52:50]} {[%emt 00:00:11]} Rxf2 {[%clk 00:07:23]} {[%emt 00:00:25]} 41. Rh4
{[%clk 00:53:17]} {[%emt 00:00:04]} Ba6 {[%clk 00:06:58]} {[%emt 00:00:55]} 42.
Rh3 {[%clk 00:51:57]} {[%emt 00:01:49]} 0-1

[Event "DVM U16w 2023"]
[Site "Magdeburg GER"]
[Date "2023.12.30"]
[Round "7"]
[White "Schmidt, Emelie"]
[Black "Einacker, Lina"]
[Result "1-0"]
[Termination "normal"]
[Board "10.2"]
[WhiteElo "1189"]
[BlackElo "1193"]
[WhiteClock "00:37:13"]
[BlackClock "00:23:55"]
[WhiteTeam "SV Stuttgart-Wolfbusch 1956"]
[BlackTeam "Hamburger SK 1830 2"]
[PlyCount "71"]
[WhiteFideId "34682490"]
[BlackFideId "34630147"]
[EventCountry "GER"]
[EventRounds "7"]
[EventType "team-swiss"]
[EventDate "2023.12.26"]

1. d4 {[%clk 01:30:57]} {[%emt 00:00:02]} d5 {[%clk 01:30:56]} {[%emt
00:00:05]} 2. Nf3 {[%clk 01:31:23]} {[%emt 00:00:04]} Nf6 {[%clk 01:31:20]}
{[%emt 00:00:05]} 3. Bf4 {[%clk 01:31:48]} {[%emt 00:00:06]} g6 {[%clk
01:31:30]} {[%emt 00:00:20]} 4. e3 {[%clk 01:31:49]} {[%emt 00:00:28]} Bg7
{[%clk 01:31:49]} {[%emt 00:00:11]} 5. Bd3 {[%clk 01:31:47]} {[%emt 00:00:33]}
O-O {[%clk 01:31:30]} {[%emt 00:00:49]} 6. Nbd2 {[%clk 01:31:50]} {[%emt
00:00:26]} c5 {[%clk 01:31:29]} {[%emt 00:00:31]} 7. c3 {[%clk 01:31:49]}
{[%emt 00:00:33]} b6 {[%clk 01:27:33]} {[%emt 00:04:25]} 8. h3 {[%clk
01:28:12]} {[%emt 00:04:07]} Nc6 {[%clk 01:26:21]} {[%emt 00:01:43]} 9. Bb5
{[%clk 01:21:32]} {[%emt 00:07:09]} Bb7 {[%clk 01:25:11]} {[%emt 00:01:39]} 10.
Bd3 {[%clk 01:16:12]} {[%emt 00:05:50]} Rc8 {[%clk 01:23:37]} {[%emt 00:02:04]}
11. O-O {[%clk 01:09:12]} {[%emt 00:07:29]} Nd7 {[%clk 01:21:36]} {[%emt
00:02:32]} 12. e4 {[%clk 01:00:41]} {[%emt 00:09:00]} cxd4 {[%clk 01:18:28]}
{[%emt 00:03:39]} 13. exd5 {[%clk 01:00:24]} {[%emt 00:00:48]} Nce5 {[%clk
01:17:20]} {[%emt 00:01:37]} 14. Be4 {[%clk 00:51:16]} {[%emt 00:09:38]} dxc3
{[%clk 01:15:47]} {[%emt 00:02:02]} 15. bxc3 {[%clk 00:51:22]} {[%emt
00:00:25]} Rxc3 {[%clk 01:14:31]} {[%emt 00:01:46]} 16. Qa4 {[%clk 00:51:30]}
{[%emt 00:00:22]} a5 {[%clk 01:10:19]} {[%emt 00:04:41]} 17. Rac1 {[%clk
00:48:56]} {[%emt 00:03:05]} Rxc1 {[%clk 01:08:06]} {[%emt 00:02:43]} 18. Rxc1
{[%clk 00:49:20]} {[%emt 00:00:06]} Nxf3+ {[%clk 01:05:57]} {[%emt 00:02:38]}
19. Nxf3 {[%clk 00:49:40]} {[%emt 00:00:10]} Nc5 {[%clk 01:05:33]} {[%emt
00:00:55]} 20. Qc4 {[%clk 00:44:22]} {[%emt 00:05:47]} Nxe4 {[%clk 01:04:33]}
{[%emt 00:01:31]} 21. Qxe4 {[%clk 00:44:44]} {[%emt 00:00:08]} Bxd5 {[%clk
01:02:37]} {[%emt 00:02:26]} 22. Qd3 {[%clk 00:43:47]} {[%emt 00:01:26]} Bxa2
{[%clk 01:02:31]} {[%emt 00:00:37]} 23. Qc2 {[%clk 00:42:53]} {[%emt 00:01:23]}
Bd5 {[%clk 00:52:23]} {[%emt 00:10:38]} 24. Bc7 {[%clk 00:41:15]} {[%emt
00:02:09]} Qd7 {[%clk 00:48:03]} {[%emt 00:04:50]} 25. Bxb6 {[%clk 00:39:59]}
{[%emt 00:01:46]} Bxf3 {[%clk 00:47:42]} {[%emt 00:00:51]} 26. gxf3 {[%clk
00:39:29]} {[%emt 00:01:00]} a4 {[%clk 00:46:18]} {[%emt 00:01:54]} 27. Kg2
{[%clk 00:38:51]} {[%emt 00:01:09]} Ra8 {[%clk 00:44:38]} {[%emt 00:02:10]} 28.
Qa2 {[%clk 00:38:20]} {[%emt 00:01:01]} a3 {[%clk 00:41:35]} {[%emt 00:03:33]}
29. Bc5 {[%clk 00:38:15]} {[%emt 00:00:34]} Bb2 {[%clk 00:39:30]} {[%emt
00:02:36]} 30. Rc2 {[%clk 00:38:16]} {[%emt 00:00:28]} Qd3 {[%clk 00:32:42]}
{[%emt 00:07:18]} 31. Rxb2 {[%clk 00:36:29]} {[%emt 00:02:18]} axb2 {[%clk
00:33:00]} {[%emt 00:00:11]} 32. Qxa8+ {[%clk 00:36:51]} {[%emt 00:00:09]} Kg7
{[%clk 00:33:23]} {[%emt 00:00:07]} 33. Bxe7 {[%clk 00:37:06]} {[%emt
00:00:14]} g5 {[%clk 00:24:50]} {[%emt 00:09:03]} 34. Qf8+ {[%clk 00:36:57]}
{[%emt 00:00:41]} Kg6 {[%clk 00:25:10]} {[%emt 00:00:10]} 35. Qg8+ {[%clk
00:36:57]} {[%emt 00:00:29]} Kf5 {[%clk 00:23:55]} {[%emt 00:01:44]} 36. Qxh7+
{[%clk 00:37:13]} {[%emt 00:00:14]} 1-0

[Event "DVM U16w 2023"]
[Site "Magdeburg GER"]
[Date "2023.12.30"]
[Round "7"]
[White "Blome, Antonia"]
[Black "Schmidt, Sophie"]
[Result "1-0"]
[Termination "normal"]
[Board "10.3"]
[WhiteElo "1209"]
[BlackElo "1167"]
[WhiteClock "00:53:34"]
[BlackClock "00:01:44"]
[WhiteTeam "Hamburger SK 1830 2"]
[BlackTeam "SV Stuttgart-Wolfbusch 1956"]
[PlyCount "75"]
[WhiteFideId "34630090"]
[BlackFideId "34682503"]
[EventCountry "GER"]
[EventRounds "7"]
[EventType "team-swiss"]
[EventDate "2023.12.26"]

1. e4 {[%clk 01:30:58]} e5 {[%clk 01:30:57]} {[%emt 00:00:05]} 2. Nf3 {[%clk
01:31:19]} {[%emt 00:00:09]} Nc6 {[%clk 01:31:18]} {[%emt 00:00:09]} 3. d4
{[%clk 01:31:25]} {[%emt 00:00:23]} Nxd4 {[%clk 01:31:32]} {[%emt 00:00:17]} 4.
Nxd4 {[%clk 01:29:51]} {[%emt 00:02:04]} exd4 {[%clk 01:31:43]} {[%emt
00:00:19]} 5. Qxd4 {[%clk 01:29:36]} {[%emt 00:00:44]} d6 {[%clk 01:04:45]}
{[%emt 00:27:32]} 6. Nc3 {[%clk 01:24:38]} {[%emt 00:05:27]} Be6 {[%clk
01:00:56]} {[%emt 00:04:18]} 7. Be3 {[%clk 01:15:09]} {[%emt 00:09:58]} h6
{[%clk 00:51:24]} {[%emt 00:10:04]} 8. Rd1 {[%clk 01:10:06]} {[%emt 00:05:31]}
Qf6 {[%clk 00:40:46]} {[%emt 00:11:10]} 9. Nb5 {[%clk 01:06:24]} {[%emt
00:04:11]} Qxd4 {[%clk 00:35:14]} {[%emt 00:06:03]} 10. Bxd4 {[%clk 01:06:31]}
{[%emt 00:00:23]} Kd7 {[%clk 00:33:54]} {[%emt 00:01:49]} 11. Nxa7 {[%clk
01:05:02]} {[%emt 00:01:59]} c5 {[%clk 00:31:40]} {[%emt 00:02:45]} 12. Bxc5
{[%clk 01:04:59]} {[%emt 00:00:32]} Kc7 {[%clk 00:29:48]} {[%emt 00:02:24]} 13.
Nb5+ {[%clk 01:05:04]} {[%emt 00:00:24]} Kc6 {[%clk 00:28:13]} {[%emt
00:02:04]} 14. Bxd6 {[%clk 01:04:32]} {[%emt 00:01:02]} b6 {[%clk 00:20:37]}
{[%emt 00:08:07]} 15. b3 {[%clk 01:03:21]} {[%emt 00:01:41]} Nf6 {[%clk
00:18:00]} {[%emt 00:03:06]} 16. e5 {[%clk 01:01:44]} {[%emt 00:02:08]} Ng4
{[%clk 00:16:53]} {[%emt 00:01:37]} 17. h3 {[%clk 01:01:05]} {[%emt 00:01:09]}
Bxd6 {[%clk 00:16:43]} {[%emt 00:00:39]} 18. Rxd6+ {[%clk 01:01:12]} {[%emt
00:00:23]} Kb7 {[%clk 00:16:32]} {[%emt 00:00:42]} 19. hxg4 {[%clk 01:01:11]}
{[%emt 00:00:30]} Rxa2 {[%clk 00:15:49]} {[%emt 00:01:12]} 20. Nd4 {[%clk
01:00:10]} {[%emt 00:01:30]} Re8 {[%clk 00:15:08]} {[%emt 00:01:11]} 21. g3
{[%clk 00:57:56]} {[%emt 00:02:45]} Bxg4 {[%clk 00:13:48]} {[%emt 00:01:50]}
22. Bg2+ {[%clk 00:58:10]} {[%emt 00:00:16]} Kc8 {[%clk 00:12:58]} {[%emt
00:01:20]} 23. f4 {[%clk 00:57:40]} {[%emt 00:01:00]} g5 {[%clk 00:08:37]}
{[%emt 00:04:52]} 24. Rc6+ {[%clk 00:56:48]} {[%emt 00:01:21]} Kd8 {[%clk
00:07:54]} {[%emt 00:01:13]} 25. Rcxh6 {[%clk 00:54:51]} {[%emt 00:02:28]} Ra1+
{[%clk 00:05:13]} {[%emt 00:03:11]} 26. Kd2 {[%clk 00:54:50]} {[%emt 00:00:30]}
Ra7 {[%clk 00:04:48]} {[%emt 00:00:55]} 27. Nc6+ {[%clk 00:54:58]} {[%emt
00:00:24]} Kc7 {[%clk 00:04:29]} {[%emt 00:00:47]} 28. Nxa7 {[%clk 00:55:17]}
{[%emt 00:00:12]} Rd8+ {[%clk 00:04:33]} {[%emt 00:00:26]} 29. Ke3 {[%clk
00:53:56]} {[%emt 00:01:47]} gxf4+ {[%clk 00:03:55]} {[%emt 00:01:12]} 30. gxf4
{[%clk 00:54:04]} {[%emt 00:00:23]} Rd7 {[%clk 00:03:46]} {[%emt 00:00:38]} 31.
Nb5+ {[%clk 00:54:14]} {[%emt 00:00:19]} Kd8 {[%clk 00:03:09]} {[%emt
00:01:06]} 32. Rxb6 {[%clk 00:53:31]} {[%emt 00:01:15]} Bf5 {[%clk 00:02:19]}
{[%emt 00:01:20]} 33. Be4 {[%clk 00:53:32]} {[%emt 00:00:29]} Bg4 {[%clk
00:01:37]} {[%emt 00:01:12]} 34. f5 {[%clk 00:53:22]} {[%emt 00:00:40]} Re7
{[%clk 00:01:21]} {[%emt 00:00:46]} 35. Rb8+ {[%clk 00:53:34]} {[%emt
00:00:18]} Kd7 {[%clk 00:01:26]} {[%emt 00:00:25]} 36. Rb7+ {[%clk 00:53:33]}
{[%emt 00:00:32]} Kd8 {[%clk 00:01:27]} {[%emt 00:00:29]} 37. Rxe7 {[%clk
00:53:39]} {[%emt 00:00:23]} Kxe7 {[%clk 00:01:44]} {[%emt 00:00:13]} 38. c4
{[%clk 00:53:34]} {[%emt 00:00:36]} 1-0